000 00362 a2200157 4500
001 171256
020 _a
040 _cMagnum
100 _aJohnson, Earvin "magic"
240 1 0 _aO que voce pode fazer para evitar a aids
_lpor
245 1 0 _aO que voce pode fazer para evitar a aids
362 0 _a1899
440 1 _aEdiouro
697 _aGERAL
942 _cBK
999 _c171256
_d171256